| 000 | 00438cam a22001217a 4500 | ||
|---|---|---|---|
| 008 | 180718b1957 xxu||||| |||| 00| 0 eng d | ||
| 082 | _aI29 R145 | ||
| 100 | _aRamfalk, C. W. | ||
| 245 |
_aTop management selection: a study of the selection of personnel for higher positions in industrial organisations _cby C. W. Ramfalk |
||
| 260 |
_aStockholm _bSwedish Council for Personnel Administration _c1957 |
||
| 300 | _a202p | ||
| 650 | _aExecutives | ||
| 999 |
_c427792 _d427792 |
||